| 000 | 00378nam a22001457a 4500 | ||
|---|---|---|---|
| 008 | 250617b |||||||| |||| 00| 0 eng d | ||
| 020 | _a9789789619603 | ||
| 050 |
_aSF 140 _b.N94 |
||
| 100 | _aNweze, Basil Obasi | ||
| 245 | _aNigerian Pastoral Farming and pasture production | ||
| 260 |
_aNigeria _c2017 |
||
| 300 | _a239p | ||
| 650 |
_aPastoral Systems _vherding |
||
| 942 | _cBK | ||
| 999 |
_c3853 _d3853 |
||